01244nas a2200349 4500001001300000003000900013005001700022007000300039008003400042040005400076041000900130072000800139100001600147100002100163100001700184100001800201100001600219100001800235100002000253100001800273245007800291650001200369650001900381650002400400650001800424773013800442856008000580909004000660942001800700999001900718952015700737BR2022000189BR-BrBNA20231205132227.0ta230509b bl.|||p| |||| 00| 00por d aBR-BrBNAbporcBiblioteca Nacional de Agricultura a(En) aL021 aFaria, P.B.1 aCantarelli, V.S.1 aFialho, E.T.1 aPinto, A.M.B.1 aFaria, J.H.1 aRocha, M.F.M.1 aGuerreiro, M.C.1 aBressan, M.C.1 aLipid profile and cholesterol of pork with the use of glycerin in feeding aSUÍNO aTERMINAÇÃO aNUTRIÇÃO ANIMAL aÁCIDO GRAXO0 tArquivo Brasileiro de Medicina Veterinária e Zootecnia (Brazil)xISSN 1678-4162 g(Mar-Apr 2015), v. 67(2) p. 535-546wBR202200018940uhttps://www.scielo.br/j/abmvz/a/9p8DPnmKPfMRbmdbWY8SSNb/?format=pdf lang=en a202311bLúciac55dLúcia Elande 2AGRISn0cANA c259167d259167 002AGRIS4071a41918b41918cPeriódicos Agrícolash(Mar-Apr 2015), v. 67(2) p. 535-546l0r2023-11-29t01yCRePortaria Interministerial nº 164/94